00397nam a2200157Ia 450000500170000000800410001704000190005804100120007708200160008910000210010524500450012626000380017130000100020965000100021985000100022920240821102542.0131103s9999 xx 000 0 und d aLoreto College aEnglish a891.43bGUP aGupta, Kumari B. aRastra - bhasha rachanacKumari B. Gupta aNew DelhibGupta prakashanc[19?] a128p  aHindi aLCBED